00515nam a2200109Ia 4500008004100000050002200041100002600063245018500089260008600274300003300360521001200393140724s9999 xx 000 0 und d aRT 73b.P644 2008 aPimentel, Ann Quincy. aRelationship between areas of emotional intelligence and clinical performance of third year nursing students of Southville International School and Colleges /cAnn Quincy Pimentel. aLas Piñas, Philippines :bSouthville International School and Colleges,cc2008. a86 p. :bcol. Ill. ;c28 cm. aNursing